Datum a čas kvízu
36
Celkem bodů
Celkový počet nahraných bodů na tomto kvízu bez doplňovacích otázek.
2.
Pořadí na kvízu
Konečné umístění týmu na tomto kvízu.
Zaznamenané odpovědi
| # | Otázka | Odpověď | Body | Výsledky |
|---|---|---|---|---|
| 1. | V neděli 17. listopadu v 17:11... | Modlitba pro Martu | 1 | |
| 2. | Jistá evropská země od příštíh... | Nizozemsko | 1 | |
| 3. | Příslušníci jistého náboženstv... | o sikhismus | 1 | |
| 4. | 11. listopadu se ve světě již... | na nezadané | 0 | |
| 5. | Ve kterém českém městě se odeh... | v Plzni | 1 | |
| 6. | Téma o tomto komikovi si vybra... | v Litoměřicích | 1 | |
| 7. | Jak se jmenuje herečka zdatně... | Iva Janžurová | 1 | |
| 8. | Ve scénce Luštitel křížovek Ho... | Právě proto tam budou vzácný. | 1 | |
| 9. | Milan Neděla hraje v této scén... | B) manželem Holzmannovy milenky | 1 | |
| 10. | Ve scénce V restauraci hraje H... | To vám snad stačí, ne? | 1 |